Sevilla Best Scorer By Year - Statistics

General Stats
  • This quiz has been taken 301 times
    3 since last reset
  • The average score is 3 of 51
Answer Stats
Player % Correct
Youssef En-Nesyri
100%
Frédéric Kanouté
33%
José Antonio Reyes
33%
Kévin Gameiro
33%
Lolo Gómez
33%
Rafa Mir
33%
Wissam Ben Yedder
33%
Akor Adams
0%
Álvaro Negredo
0%
Amaro Nadal
0%
Ángel Oliveros
0%
Antoniet
0%
Antonio Álvarez
0%
Bernardo Acosta
0%
Carlos Bacca
0%
Carlos Jaun
0%
Daniel Bergara
0%
Daniel Bertoni
0%
Davor Šuker
0%
Dodi Lukebakio
0%
Enrique Magdaleno
0%
Enrique Mateos
0%
Enrique Montero
0%
Francisco
0%
Héctor Scotta
0%
Iván Zamorano
0%
Javier Saviola
0%
Jorge López
0%
José Dieguez
0%
José María Lizarralde
0%
Juan Araujo
0%
Juan Arza
0%
Juan Bautista Agüero
0%
Juan Carlos
0%
Júlio Baptista
0%
Loren
0%
Lucas Ocampos
0%
Luis Fabiano
0%
Manolo Doménech
0%
Moisés
0%
Pablo Bengoechea
0%
Pedro Cabral
0%
Pepillo
0%
Pintado
0%
Plaza
0%
Ramón
0%
Rivera
0%
Salva Ballesta
0%
Santi
0%
Tibor Szalay
0%
Toni Polster
0%
No matching quizzes found
Score Distribution
Percent of People with Each Score
Percentile by Number Answered
Your Score History
You have not taken this quiz since the last reset